Muere el sol (Record n. 101087)

Dettagli MARC
000 -LEADER
fixed length control field 00881njm a2200289Ia 4500
001 - CONTROL NUMBER
control field 78404
003 - CONTROL NUMBER IDENTIFIER
control field IT-RoPAU
005 - DATE AND TIME OF LATEST TRANSACTION
control field 20220918181138.0
008 - FIXED-LENGTH DATA ELEMENTS--GENERAL INFORMATION
fixed length control field 131025s9999 xx 000 0 und d
040 ## - CATALOGING SOURCE
Original cataloging agency IT-RoPAU
040 ## - CATALOGING SOURCE
Transcribing agency IT-RoPAU
999 ## - SYSTEM CONTROL NUMBERS (KOHA)
Koha Dewey Subclass [OBSOLETE] n.d.
100 ## - MAIN ENTRY--PERSONAL NAME
Personal name Yamarte Gustavo Ocando
9 (RLIN) 25640
100 ## - MAIN ENTRY--PERSONAL NAME
Relator term Autore musica
9 (RLIN) 25641
100 ## - MAIN ENTRY--PERSONAL NAME
Miscellaneous information Codice autore musica SPICS: 27000
9 (RLIN) 25642
245 ## - TITLE STATEMENT
Title Muere el sol
250 ## - EDITION STATEMENT
Edition statement 1a ed.
260 ## - PUBLICATION, DISTRIBUTION, ETC. (IMPRINT)
Place of publication, distribution, etc. SPAGNA
260 ## - PUBLICATION, DISTRIBUTION, ETC. (IMPRINT)
Name of publisher, distributor, etc. CBS DISCHI
Date of publication, distribution, etc. 1980 [1a Ed.:1980 - Ed. Lingua Orig.: 1980]
300 ## - PHYSICAL DESCRIPTION
Extent DISCO
300 ## - PHYSICAL DESCRIPTION
Dimensions 84 minuti (Testo: 0 pag.)
500 ## - GENERAL NOTE
General note Musica popolare. Folk. Popular venezuelano
505 ## - FORMATTED CONTENTS NOTE
Formatted contents note Disco in quattro parti
650 ## - SUBJECT ADDED ENTRY--TOPICAL TERM
Topical term or geographic name as entry element POPOLARE [DISCHI]
Relator term Codice MATERIA SPICS: 9950
9 (RLIN) 25643
700 ## - ADDED ENTRY--PERSONAL NAME
Personal name Yamarte Gustavo Ocando
Miscellaneous information Codice interprete SPICS: 27000
Relator term Interprete
9 (RLIN) 25644
942 ## - ADDED ENTRY ELEMENTS (KOHA)
Koha item type DISCHI
Source of classification or shelving scheme Dewey Decimal Classification
Dati di copia
Withdrawn status Lost status Damaged status Not for loan Home library Current library Date acquired Total Checkouts Full call number Date last seen Price effective from Koha item type Public note
    Buone Condizioni Not For Loan SPICS-MEDIATECA SPICS-MEDIATECA 25/10/2013   78404 25/10/2013 25/10/2013 DISCHI Progr. Ins.: 18666 / N.Vol.: 2 / Copie: 1 - Copia rara: n.d. / date import: 01.01.2014 - By Epidotti, Trombetti, Vaglietti
CREDITS: SOCIETA' SAN PAOLO Via A.Severo, 58 - ROMA (RM) & PERIODICI SAN PAOLO SRL Via Giotto, 36 MILANO & CISF Via Giotto, 36 MILANO & EDIZIONI SAN PAOLO SRL,  Piazza Soncino, 5 CINISELLO BALSAMO (MI) -- ITALY